Manual de contratos comerciales (Registro nro. 1406)
[ vista simple ]
| 000 -LEADER | |
|---|---|
| fixed length control field | 01652 a2200217 4500 |
| 001 - CONTROL NUMBER | |
| control field | 25592 |
| 005 - DATE AND TIME OF LATEST TRANSACTION | |
| control field | 20260407155540.0 |
| 008 - FIXED-LENGTH DATA ELEMENTS--GENERAL INFORMATION | |
| fixed length control field | 260407a2007 arg spa d |
| 003 - CONTROL NUMBER IDENTIFIER | |
| control field | AR-UNSa-BCEJYS |
| 040 ## - CATALOGING SOURCE | |
| Original cataloging agency | AR-UNSa-BCEJYS |
| Language of cataloging | spa |
| Transcribing agency | AR-UNSa-BCEJYS |
| 080 ## - UNIVERSAL DECIMAL CLASSIFICATION NUMBER | |
| Universal Decimal Classification number | 347.74 |
| Common auxiliary subdivision | Contratos mercantiles (comerciales...leasing)) |
| 020 ## - INTERNATIONAL STANDARD BOOK NUMBER | |
| International Standard Book Number | 978-950-894-628-7 |
| 100 1# - MAIN ENTRY--PERSONAL NAME | |
| Personal name | Vítolo, Daniel Roque |
| 245 10 - TITLE STATEMENT | |
| Title | Manual de contratos comerciales |
| 264 #1 - PRODUCTION, PUBLICATION, DISTRIBUTION, MANUFACTURE, AND COPYRIGHT NOTICE | |
| Place of production, publication, distribution, manufacture | Buenos Aires : |
| Name of producer, publisher, distributor, manufacturer | AD-HOC |
| Date of production, publication, distribution, manufacture, or copyright notice | 2007 |
| 300 ## - PHYSICAL DESCRIPTION | |
| Extent | 461 p. |
| Dimensions | 23 cm. |
| 505 ## - FORMATTED CONTENTS NOTE | |
| Formatted contents note | Parte I : Aspectos generales de la contratación mercantil : 1. Introducción al régimen contractual mercantil - 2. La formación de los contratos mercantiles - 3. Forma, prueba e interpretación de los contratos comerciales - 4. Nulidad, conversión y resolución de los contratos comerciales - Parte II : Contratos en particular : 5. Compraventa comercial - 6. Contratos estimatorio - 7. Depósito comercial - 8. Contrato de transporte - 9. Mandato comercial - 10. Comisión o consignación - 11. Prenda comercial común - 12. Prenda con registro - 13. Fianza comercial - 14. Mutuo comercial - 15. Cuenta corriente mercantil - 16. Transferencia de fondo de comercio - 17. Contrato de distribución - 18. Contrato de concesión mercantil - 19. Contrato de agencia - 20. Contrato de leasing - 21. Contrato de factoring - 22. Contrato de franchising - 23. Contrato de seguro - 24. Tarjeta de crédito - 25. Contrato de fideicomiso. |
| 590 ## - LOCAL NOTE (RLIN) | |
| Local note | niveau_biblio:m niveau_hierar:0 |
| 856 41 - ELECTRONIC LOCATION AND ACCESS | |
| Uniform Resource Identifier | <a href="https://biblioeco.unsa.edu.ar/pmb/images/libros/Manual de Contratos Comerciales (2007).jpg">https://biblioeco.unsa.edu.ar/pmb/images/libros/Manual de Contratos Comerciales (2007).jpg</a> |
| Link text | Imagen de portada |
| Electronic format type | image/jpeg |
| 942 ## - ADDED ENTRY ELEMENTS (KOHA) | |
| Koha item type | |
| Withdrawn status | Lost status | Damaged status | Not for loan | Home library | Current library | Shelving location | Date acquired | Total checkouts | Full call number | Barcode | Date last seen | Price effective from | Koha item type |
|---|---|---|---|---|---|---|---|---|---|---|---|---|---|
| Biblioteca Prof. Eusebio Cleto del Rey | Biblioteca Prof. Eusebio Cleto del Rey | 07/04/2026 | 347.74 V845 | L119856 | 07/04/2026 | 07/04/2026 | Libro | ||||||
| Biblioteca Prof. Eusebio Cleto del Rey | Biblioteca Prof. Eusebio Cleto del Rey | 07/04/2026 | 347.74 V845 | L119857 | 07/04/2026 | 07/04/2026 | Libro |